banner koha

Biodigestor: o grande produtor de biogás e biofertilizante na indústria de reciclagem animal (Registro n. 299188)

MARC details
000 -LÍDER
fixed length control field 01009nab a2200313 4500
003 - CÓDIGO MARC DA AGÊNCIA CATALOGADORA
Campo de controle BR-BrBNA
005 - DATA E HORA DA ÚLTIMA ATUALIZAÇÃO
Campo de controle 20240415235414.0
008 - CAMPO DE TAMANHO FIXO
fixed length control field 240415b bl.||||| |||| 00| 0 por d
040 ## - FONTE DA CATALOGAÇÃO
Agência catalogadora BR-BrBNA
Idioma da catalogação por
072 ## - CATEGORIA AGRIS
Código AGRIS P06 ; N01 ; P01
Código do objeto 4620
100 ## - ENTRADA PRINCIPAL - NOME PESSOAL
Nome pessoal Lara, Marcelo
100 ## - ENTRADA PRINCIPAL - NOME PESSOAL
Nome pessoal Cypriano, Lucas
245 ## - TÍTULO PRINCIPAL
Título principal Biodigestor: o grande produtor de biogás e biofertilizante na indústria de reciclagem animal
500 ## - NOTA GERAL
Nota geral 3 illus.
942 ## - ADDED ENTRY ELEMENTS (KOHA)
Koha item type
650 ## - ASSUNTO - THESAGRO
Cabeçalho tópico ou nome geográfico PRODUTO DE ORIGEM ANIMAL
650 ## - ASSUNTO - THESAGRO
Cabeçalho tópico ou nome geográfico RECICLAGEM
650 ## - ASSUNTO - THESAGRO
Cabeçalho tópico ou nome geográfico BIODIGESTOR
650 ## - ASSUNTO - THESAGRO
Cabeçalho tópico ou nome geográfico FERMENTAÇÃO ANAERÓBICA
650 ## - ASSUNTO - THESAGRO
Cabeçalho tópico ou nome geográfico BIOFERTILIZANTE
650 ## - ASSUNTO - THESAGRO
Cabeçalho tópico ou nome geográfico BIOGÁS
650 ## - ASSUNTO - THESAGRO
Cabeçalho tópico ou nome geográfico BIOCOMBUSTÍVEL
650 ## - ASSUNTO - THESAGRO
Cabeçalho tópico ou nome geográfico SUSTENTABILIDADE
650 ## - ASSUNTO - THESAGRO
Cabeçalho tópico ou nome geográfico DEGETO
650 ## - ASSUNTO - THESAGRO
Cabeçalho tópico ou nome geográfico RESÍDUO INDUSTRIAL
650 ## - ASSUNTO - THESAGRO
Cabeçalho tópico ou nome geográfico TRATAMENTO
773 0# - ENTRADA ANALÍTICA
Host Biblionumber 9543
Registro do item 314237
Imprenta São Paulo - SP: Editora Stilo, 2021.
Outro identificador 2024-0574
Título Revista Graxaria Brasileira (Brasil)
Colação v. 11(64) p. 48-54; (Jul-Aug 2018)
Número de controle de registro BR2024000562

Nenhum exemplar disponível.

BINAGRI

Telefone: (61)3218-2567/2388/3357/2097 - binagri@agro.gov.br

Ministério da Agricultura e Pecuária , Esplanada dos Ministérios, Bloco D, Anexo B, Brasília/DF, CEP: 70.043-900